| 000 | 00490nam a22001817a 4500 | ||
|---|---|---|---|
| 003 | BD-ChCU | ||
| 005 | 20260126115643.0 | ||
| 008 | 260126b bg ||||| |||| 00| 0 ben d | ||
| 040 | _cBD-ChCU | ||
| 082 | _aREF 492.7 SYA (4) | ||
| 100 |
_aSyed Ali . _919687 |
||
| 245 |
_aArabic For beginners ./ _cAli Syed . |
||
| 250 | _a4th ed. | ||
| 260 |
_aMadras : _bArabic pub. of India , _cC 1978 |
||
| 300 | _aviii , 184p | ||
| 650 | 0 |
_aAranic language - Readers . _919689 |
|
| 942 |
_2ddc _cBK _n0 |
||
| 999 |
_c111276 _d111276 |
||